Normal view
MARC view
Entry Topical Term
001 - CONTROL NUMBER
- control field: 32021
003 - CONTROL NUMBER IDENTIFIER
- control field: OSt
005 - DATE AND TIME OF LATEST TRANSACTION
- control field: 20220718110626.0
008 - FIXED-LENGTH DATA ELEMENTS
- fixed length control field: 220718|| aca||aabn | a|a d
040 ## - CATALOGING SOURCE
- Original cataloging agency: OSt
- Transcribing agency: OSt
150 ## - HEADING--TOPICAL TERM
- Topical term or geographic name entry element: Kisan credit card scheme, agriculture - Kerala
670 ## - SOURCE DATA FOUND
- Source citation: Work cat.: (OSt)519125: Madapana, Karteek and Rao, N.V.J. 32020, A study on kisan credit card scheme in Rayagada district of Odisha.
